Amišŷ sut' i nadale v Amerycji popularnŷ

Bibliographic Details
Main Author: Terek, Jozef, 1944-2025 (Author)
Other Authors: Maľcovská, Mária, 1951-2010 (Translator)
Format: Article
Language:Ukrainian
Slovak
Subjects:

MARC

LEADER 00000nab a2200000 a 4500
001 vtls009458763
003 SK-MaSNL
005 20260513121803.0
008 090107c2008 xo br p 000 c0ukr
015 |a SNBRB2009/01 
038 |a SVKPOCL 
040 |a SVKPOCL  |b slo  |c SVKPOCL  |e AACR2 
041 0 |a ukr  |h slo 
044 |a xo  |c SK 
080 |a 323.15()  |2 2001 
100 1 |a Terek, Jozef,  |d 1944-2025  |4 aut  |9 118562 
245 1 0 |a Amišŷ sut' i nadale v Amerycji popularnŷ  |c Jozef Terek ; Pereklad zo sloven'skoho jazyka: Marija Mal'covska 
500 |a Na titulnej strane je chybne uvedený ročník 
650 0 7 |a národnostné menšiny  |z Spojené štáty americké  |2 svkpocl  |9 1334961 
650 0 7 |a Hamiši (etnická skupina : Spojené štáty americké)  |2 svkpocl  |9 1334962 
651 7 |a Spojené štáty americké  |2 svkpocl  |9 18262 
700 1 |a Maľcovská, Mária,  |d 1951-2010  |4 trl  |9 111288 
773 0 |t Rusyn  |g Roč. XVII [XVIII], č. 4 (2008), s. 19 
852 |a SVKPO  |b KIS3GCP 
958 |a RN 
958 |a US 
958 |a SK 
999 |c 2706266  |d 2708196